00314nam a2200121Ia 4500008004000000020001800040082001900058100002700077245002200104260003700126300000800163650002100171210210b1978 xxu||||| |||| 00| 0 eng d a81 237 0555 7 a330.95452 MITH aMITTOO (Hari Krishan). aHimachal Pradesh. aIndiabNational Book Trustc1978 a126 aHimachal Pradesh